00708nam a2200193 a 450000100100000000500170001000800410002704000250006808200210009310000480011424500450016225000110020726000460021830000210026449000430028583000500032895201190037899900170049700003999920201002033845.0130802s1967 sp 000 0 spa d aDO-SdBNPbspacBNPHU axxxbR621v, 19671 aRivera, José Eustasio,d1888-1928.91059413aLa vorágine /cJosé Eustasio Rivera. a9a ed. aBuenos Aires, Argentina :bLasoda,c1967. a254 p. ;c18 cm.1 aBiblioteca clásica y contemporánea 0aBiblioteca clásica y contemporánea913431 001050718MOaGRbGRcHDd2013-08-02iLF1l0oxxx R621v, 1967p39999-10r2020-06-25w2020-06-25y1ZNo se presta c39489d39489